01799nab a2200433 i 450000100060000000300080000600500170001400600190003100700150005000800410006502200140010603500220012004000310014205000200017308000060019308200120019910000330021124502720024426400660051631000140058233600310059633700330062733800430066036200100070358800830071358800930079665000220088965000280091165000330093965000280097265000210100065100120102165500320103370000330106570000330109870000340113177301380116585600620130357360FINmELB20241216232923.0m o d | cr cnu||||||||230704c20039999ag fr p o 0 0spa d a1515-6443 a(OCoLC)1394962272 aFINmELBbspaerdacFINmELB 4aH61b.R637 2003 a304a3002231 aRodríguez, Anibal,eautor.10a¿Es correcto pensar la sustentabilidad a nivel local?. Un análisis metodológico a partir del estudio de caso en un área de protección ambiental en el litoral sur de Brasil /cAníbal Rodríguez, Humberto Tommasino, Guillermo Foladori y Anderson Gregorczuc. 1aQuilmes, Argentina :bUniversidad Nacional de Quilmes,c2003. aSemestral atextobtxt2rdacontent/spa acomputadorabc2rdamedia/spa arecurso en líneabcr2rdacarrier/spa0 a2000- aDescripción basada en metadatos suministrados por el editor y otras fuentes. aDescripción basada en Revista theomai, n. 7 (primer semestre 2003), P. 15 sin numerar. 4aEstudio de casos. 4aProtección ambiental. 4aSustentabilidad ecológica. 4aSustentabilidad social. 4aSustentabilidad. 4aBrasil. 4aArtículos electrónicos.1 aTommasino, Humberto,eautor.1 aFoladori, Guillermo,eautor.1 aGregorczuc, Anderson,eautor.1 tRevista theomai.xISSN1515-6443dBernal, Argentina : Universidad Nacional de Quilmes.gn. 7 (primer semestre 2003), p. 15 sin numerar40uhttps://elibro.net/ereader/politecnicointernacional/20952